000 00513nam a2200181Ia 4500
008 151018s9999 xx 000 0 und d
082 _bRBASDV22576
_a891.463
100 _aको वि. ओक
245 _aजादूचा कोट
250 _b1
260 _bगुरु प्रकाशन
_c1991
300 _a64
600 _aको वि. ओक
630 _aजादूचा कोट
700 _aको वि. ओक
730 _aजादूचा कोट
942 _cBOOK
999 _c1022244
_d1022241